Boeing Airplane Identification - Statistics

General Stats
  • This quiz has been taken 202 times
  • The average score is 9 of 9
Answer Stats
Picture Answer % Correct
Boeing 747
98%
Boeing 737
97%
Boeing 777
97%
Boeing 757
95%
Boeing 767
95%
Boeing 787
94%
Boeing 717
93%
Boeing 707
92%
Boeing 727
90%
No matching quizzes found
Score Distribution
Percent of People with Each Score
Percentile by Number Answered
Your Score History
You have not taken this quiz